Digital Disruption and Corporate Digital Responsibility

Guardado en:
Detalles Bibliográficos
Autor principal: Bednárová, Michaela, 1987-
Otros Autores: Bonsón, Enrique, Kubaščíková, Zuzana, 1982-
Formato: Libro
Lenguaje:inglés
Publicado: Berlin Logos Verlag Berlin 2022
Edición:1st Edition
Materias:
Etiquetas: Agregar Etiqueta
Sin Etiquetas, Sea el primero en etiquetar este registro!

MARC

LEADER 00000nam a2200000 4500
001 0290652
005 20240502083940.5
020 |a 978-3-8325-1600-0 
041 0 |a eng 
044 |a DE 
245 1 0 |a Digital Disruption and Corporate Digital Responsibility  |c Michaela Bednárová ; Reviewers: Enrique Bonsón, Zuzana Kubaščíková 
250 |a 1st Edition 
264 1 |a Berlin  |b Logos Verlag Berlin  |c 2022 
300 |a 109 s. [4,75 AH] 
610 2 0 |a digitalizácia 
610 2 0 |a zodpovednosť podniku spoločenská 
610 2 0 |a technológie nové 
610 2 0 |a technológie obchodné 
610 2 0 |a Big Data 
610 2 0 |a internet vecí 
610 2 0 |a inteligencia umelá 
610 2 0 |a učenie strojové 
610 2 0 |a etika 
610 2 0 |a reporting 
610 2 0 |a účtovníci 
610 2 0 |a účtovníctvo 
100 1 |a Bednárová, Michaela, 1987- 
700 1 |a Bonsón, Enrique 
700 1 |a Kubaščíková, Zuzana, 1982-